Wyrazy, które zawierają "ser". - Statystyki

Ogólne statystyki
  • Ten quiz został rozwiązany 57 razy
  • Średni wynik to 2 z 7
Statystyki odpowiedzi
Odpowiedź % Poprawnych
Serce
72%
Sernik
66%
Serwis
30%
Laser
26%
Deser
23%
Mikser
9%
Serdelki
6%
Nie znaleziono quizów pasujących do podanych kryteriów
Rozkład punktacji
Procent ludzi z każdym wynikiem
Percentyl według liczby udzielonych odpowiedzi
Twoja historia wyników
Nie rozwiązałeś tego quizu